01018naa#a2200193#i#4500001001600000005001700016011001400033100004100047102000700088200022000095210020500315215001000520608004500530675012900575700003000704700003000734700003000764856003000794RU\\bibl\11875920260515035052.5##a1994-4683##a20230428b2023####ek#y0rusy0150####ca##aRU1#aСОДЕРЖАТЕЛЬНЫЕ ОСНОВЫ СИЛОВЫХ ТРЕНИРОВОК С ЭЛЕМЕНТАМИ МИОФАСЦИАЛЬНОГО РЕЛИЗА С ЖЕНЩИНАМИ 36-40 ЛЕТeЖурнальная статья1#aМоскваcНациональный государственный Университет физической культуры, спорта и здоровья им. П.Ф. Лесгафтаd2023##a3 с.##aЖурнальная статья2local##aСпортивный отдых. Оздоровительный спорт. Компенсаторный спорт. 796.035#1aТрофимоваgО С#1aЗасыпкинаgС А#1aМазуренкоgЕ А4#auchzapiski.lesgaft.spb.ru